Tous les Pokémon de l'Over Used 8g - Statistiques

Statistiques générales
  • Ce quiz a été pris 166 fois
  • Le résultat moyen est 38 sur 43
Statistiques - réponses
Numéro Type de quiz TOP TIER Pokémon % Correct
149 Dragon/Vol Dracolosse
98%
227 Acier/Vol Airmure
97%
036 Fée Mélodelfe
97%
598 Acier/Plante TOP TIER Noacier
97%
145 Électrique/Vol Électhor
96%
823 Acier/Vol TOP TIER Corvaillus
95%
645 Sol/Vol TOP TIER Déméteros-Totémique
95%
485 Acier/Feu TOP TIER Heatran
95%
445 Dragon/Sol TOP TIER Carchacrok
93%
212 Acier/Insecte Cizayox
93%
646 Dragon/Glace Kyurem
93%
887 Dragon/Spectre TOP TIER Lanssorien
93%
748 Eau/Poison TOP TIER Prédastérie
92%
461 Glace/Ténèbres Dimoret
91%
637 Feu/Instecte Pyrax
91%
199 Eau/Psy Roigada
91%
199 Psy/Poison Roigada de Galar
91%
788 Eau/Fée TOPTIER Tokopisco
91%
785 Électrique/Fée Tokorico
91%
248 Roche/Ténèbres Tyranocif
91%
641 Vol Boréas-Totémique
90%
701 Combat/Vol Brutalibŕé
90%
260 Eau/Sol Laggron
90%
242 Normal Leuphorie
90%
279 Eau/Vol Bekipan
88%
462 Acier/Électrique Magnézone
88%
635 Dragon/Ténèbres Trioxhydre
88%
038 Fée/Glace Feunard d'Alola
87%
794 Combat/Insecte Mouscoto
87%
786 Fée/Psy TOP TIER Tokopiyon
87%
625 Acier/Ténèbres Scalproie
86%
892 Combat/Eau Shifours (Style mille poing)
86%
080 Eau/Psy Flagadoss
85%
630 Ténèbres/Vol Vaututrice
85%
798 Acier/Plante TOP TIER Katagami
84%
151 Psy Mew
84%
450 Sol Hippodocus
82%
530 Acier/Sol Minotaupe
82%
812 Plante Gorythmic
79%
806 Feu/Spectre Pierroteknik
77%
807 Électrique Zeraora
74%
809 Acier Melmetal
73%
494 Feu/Psy Victini
73%
Aucun quiz correspondant
Distribution des résultats
% des personnes avec chaque résultat
Percentile par nombre de réponses
Votre historique - résultats
Vous n’avez pas pris ce quiz